000 00513nam a2200217Ia 4500
008 210210b1956 xxu||||| |||| 00| 0 eng d
041 _aeng
082 _a821/519
100 _aPEACOCK (T L)
245 _aEnglish verse I: Early lyrics to shakespeare
260 _aLondon
_bOxford University Press
_c1956
650 _averse
650 _ato
650 _ashakespeare
650 _alyrics
650 _aI:
650 _aEnglish
650 _aEarly
690 _aEnglish Literature
906 _a011688
999 _c130376
_d130376